00395nam a2200145Ia 450000100060000000300040000600500170001000800410002704000110006804100080007908200130008710000230010024501030012370000230022635685Ost20260507160532.0251113s9999||||xx |||||||||||||| ||eng|| cnitttr aeng aTK7871.6 aJha, Kumud Ranjan 0aTerahertz Planar Antennas for Next Generation Communication /cJha, Kumud Ranjan, Singh, Ghanshyam a Singh, Ghanshyam